Detalles MARC
| 000 -CABECERA |
| campo de control de longitud fija |
00937nam a2200217 a 4500 |
| 001 - NÚMERO DE CONTROL |
| campo de control |
000043963 |
| 005 - FECHA Y HORA DE LA ÚLTIMA TRANSACCIÓN |
| campo de control |
20201002045052.0 |
| 008 - DATOS DE LONGITUD FIJA--INFORMACIÓN GENERAL |
| campo de control de longitud fija |
140512s2004 sp 000 0 spa d |
| 020 ## - NÚMERO INTERNACIONAL ESTÁNDAR DEL LIBRO |
| Número Internacional Estándar del Libro |
8484891380 |
| 040 ## - FUENTE DE LA CATALOGACIÓN |
| Centro catalogador/agencia de origen |
DO-SdBNP |
| Lengua de catalogación |
spa |
| Centro/agencia transcriptor |
BNPHU |
| 111 2# - ENTRADA PRINCIPAL--NOMBRE DE CONGRESO/REUNIÓN |
| Nombre de congreso/reunión o jurisdicción como elemento de entrada |
Congreso Internacional "Dos mundos, dos culturas: la huella peruana en la ciencia española" |
| Fecha del congreso/reunión |
1999 |
| Sede del congreso/Lugar de la reunión |
Lima |
| 9 (RLIN) |
71909 |
| 240 10 - TÍTULO UNIFORME |
| Título uniforme |
Dos mundos, dos culturas |
| 245 10 - MENCIÓN DE TÍTULO |
| Título |
Dos mundos, dos culturas : |
| Resto del título |
o de la historia (natural y moral) entre España y el Perú / |
| Mención de responsabilidad, etc. |
Congreso Internacional "Dos mundos, dos culturas: la huella peruana en la ciencia española" (Lima, diciembre 1999) ; Fermín del Pino Díaz (coordinador). |
| 260 ## - PUBLICACIÓN, DISTRIBUCIÓN, ETC. |
| Lugar de publicación, distribución, etc. |
Madrid, : |
| Nombre del editor, distribuidor, etc. |
Iberoamericana, |
| Fecha de publicación, distribución, etc. |
2004. |
| 300 ## - DESCRIPCIÓN FÍSICA |
| Extensión |
334 ; |
| Dimensiones |
23 cm. |
| 490 1# - MENCIÓN DE SERIE |
| Mención de serie |
Teci |
| Designación de volumen o secuencia |
11 |
| 500 ## - NOTA GENERAL |
| Nota general |
Incluye notas al pie de páginas |
| 504 ## - NOTA DE BIBLIOGRAFÍA, ETC. |
| Nota de bibliografía, etc. |
Bibliografía p: 333-334 |
| 700 12 - PUNTO DE ACCESO ADICIONAL--NOMBRE DE PERSONA |
| Nombre de persona |
Pino Díaz, Fermín del |
| Término indicativo de función/relación |
coord. |
| 9 (RLIN) |
41144 |
| 830 #0 - PUNTO DE ACCESO ADICIONAL DE SERIE-TÍTULO UNIFORME |
| Título uniforme |
Teci |
| Número de parte o sección de la obra |
11 |
| 9 (RLIN) |
71910 |